NBA - Top 10 Intercepteurs 2025 - Statistiques

Statistiques générales
  • Ce quiz a été pris 520 fois
    130 depuis la dernière actualisation
  • Le résultat moyen est 3 sur 10
Statistiques - réponses
Interceptions par Match Joueur % Correct
3,0 Dyson Daniels
77%
1,8 Shai Gilgeous-Alexander
68%
1,8 Nikola Jokic
54%
1,7 Jalen Williams
34%
1,8 Tyrese Maxey
23%
1,7 Cason Wallace
14%
1,6 Jalen Johnson
10%
1,7 Fred VanVleet
5%
1,8 Kris Dunn
4%
1,6 Kelly Oubre
2%
Aucun quiz correspondant
Distribution des résultats
% des personnes avec chaque résultat
Percentile par nombre de réponses
Votre historique - résultats
Vous n’avez pas pris ce quiz depuis la dernière actualisation